Koncepcia technologickej politiky
Prístupy k realizácii technologickej politiky. Politika technologického tlaku. Politika technologického ťahu. Technologická politika stimulujúca rozvoj podnikateľského prostredia. Predpoklady uzatvárania technologickej a inovačnej medzery. Návrh konkrétnych opatrení podporujúcich rozvíjanie technolo...
Enregistré dans:
| Auteur principal: | |
|---|---|
| Format: | Chapitre de livre |
| Langue: | slovaque |
| Sujets: | |
| Tags: |
Pas de tags, Soyez le premier à ajouter un tag!
|
MARC
| LEADER | 00000naa$a2200000$$$4500 | ||
|---|---|---|---|
| 001 | 0077156 | ||
| 005 | 20231107132058.0 | ||
| 041 | 0 | |a slo | |
| 044 | |a SK | ||
| 245 | 1 | 0 | |a Koncepcia technologickej politiky |c Jaroslava Hečková |
| 520 | |a Prístupy k realizácii technologickej politiky. Politika technologického tlaku. Politika technologického ťahu. Technologická politika stimulujúca rozvoj podnikateľského prostredia. Predpoklady uzatvárania technologickej a inovačnej medzery. Návrh konkrétnych opatrení podporujúcich rozvíjanie technologickej spôsobilosti ekonomiky. | ||
| 610 | 2 | 0 | |a technológia |
| 610 | 2 | 0 | |a politika |
| 610 | 2 | 0 | |a technológie nové |
| 610 | 2 | 0 | |a pokrok technologický |
| 610 | 2 | 0 | |a inovácia |
| 610 | 2 | 0 | |a prostredie podnikateľské |
| 100 | 1 | |a Hečková, Jaroslava | |